| 000 | 00662cab a2200241 4500 | ||
|---|---|---|---|
| 001 | ABS54663 | ||
| 008 | 090401t1996 xxu||||| |||| 00| 0 eng d | ||
| 035 | _a(Sirsi) u11600 | ||
| 041 | _aeng | ||
| 245 | 2 | _aA place to enjoy, not to endure | |
| 260 | _c1996 | ||
| 350 | _a0 | ||
| 490 |
_aArchitects` Journal _v203(12) 28 March 1996, 29-39(10) |
||
| 520 | _aBelmarsh prison visitors` centre. Cost analysis | ||
| 650 | _aBELMARSH PRISON | ||
| 650 | _aBUILT ENVIRONMENT-BUILDING COSTS | ||
| 650 | _aCOST ANALYSIS | ||
| 650 | _aPRISONS | ||
| 650 | _aVISITORS CENTRE | ||
| 690 | _aBUILDING AND CONSTRUCTION-PROJECTS | ||
| 942 | _n0 | ||
| 948 | _c04/03/1997 | ||
| 999 |
_c7400 _d7400 |
||